| 000 | 00848nam a2200241 a 4500 | ||
|---|---|---|---|
| 001 | 000025951 | ||
| 005 | 20200930024158.0 | ||
| 008 | 110224s1970 sp r 000 0 spa d | ||
| 040 |
_aDO-SdBNP _bspa _cBNPHU |
||
| 041 | 1 | 7 |
_aspa _heng _2Código de idioma MARC |
| 082 |
_aNNN _bC552p |
||
| 100 | 1 |
_aChovin, Paul _d1890-1976. _952820 |
|
| 240 | 1 | 0 |
_aLa pollution atmosphérique. _lEspañol. |
| 245 | 1 | 0 |
_aLa polución atmosférica / _cPaul Chovin y Andre Roussel ; traducción de Guillen Frontera. |
| 260 |
_aBarcelona : _bOikos-Tau, _c1970. |
||
| 300 |
_a128 p. ; _c18 cm. |
||
| 490 | 1 |
_aQue sais-je? en lengua castellana _v3 |
|
| 534 |
_aTítulo original: _tLa pollution atmosphérique. |
||
| 504 | _aIncluye bibliografía: | ||
| 700 | 1 |
_aFrontera, Guillem _etr. _952821 |
|
| 830 | 0 |
_aQue sais-je? en lengua castellana ; _v3 _98110 |
|
| 049 | _aBNGR | ||
| 999 |
_c25443 _d25443 |
||